Physique Chimie - Statistiques

Statistiques générales
  • Ce quiz a été pris 10 fois
  • Le résultat moyen est 1 sur 10
Statistiques - réponses
Hint Réponse % Correct
débit volumique D=V/∆t
100%
Quelle(s) loi(s) doivent vérifier les équations de transformations nucléaires? Loi de Soddy
10%
La variation du nombre de noyaux ∆𝑵/∆𝒕= −𝝀. 𝑵(𝒕)
0%
Le temps de demi-vie (𝒕𝟏/𝟐) 𝒕𝟏⁄𝟐 =𝒍𝒏(𝟐)/λ
0%
La variation d’énergie totale ∆𝑬 = 0
0%
loi de décroissance radioactive 𝒅𝑵/𝒅𝒕+ 𝝀. 𝑵(𝒕)= 0
0%
Demi-vie Durée au bout de laquelle il reste la moitié des noyaux radioactifs présents initialement. Elle est propre à un noyau.
0%
isotopes éléments chimiques avec même nombre de charge 𝑍 mais nombre de masse dont certains sontinstables.
0%
loi fondamentale de la statique des fluides ∆P=-𝝆.g. ∆z
0%
radioactifs se dit d’éléments chimiques dont les noyaux sont instables c’est-à-dire qu’ils se désintègrent de façon spontanée et aléatoire en émettant des rayonnements et/ou des particules et en se transformants en noyaux stables.
0%
Aucun quiz correspondant
Distribution des résultats
% des personnes avec chaque résultat
Percentile par nombre de réponses
Votre historique - résultats
Vous n’avez pas pris ce quiz